Central Library OPAC University of Rajshahi

Every other bed / (Record no. 13055)

MARC details
000 -LEADER
fixed length control field 00693nam a22002651 4500
001 - CONTROL NUMBER
control field 13055
003 - CONTROL NUMBER IDENTIFIER
rucl marc code BD-RjUL
005 - DATE AND TIME OF LATEST TRANSACTION
control field 20211208235410.0
008 - FIXED-LENGTH DATA ELEMENTS--GENERAL INFORMATION
fixed length control field 140130s1956 ohu 001 0 eng
035 ## - SYSTEM CONTROL NUMBER
System control number (BD-RjUL)13105
040 ## - CATALOGING SOURCE
Original cataloging agency DLC
Transcribing agency ICU
Modifying agency DLC
Language of cataloging eng
041 ## - LANGUAGE CODE
Language code of text/sound track or separate title eng
082 00 - DEWEY DECIMAL CLASSIFICATION NUMBER
Classification number 616.89
Author mark and year GOE 1956
100 1# - MAIN ENTRY--PERSONAL NAME
Personal name Gorman, Mike,
Dates associated with a name 1913-
9 (RLIN) 40672
245 10 - TITLE STATEMENT
Title Every other bed /
Statement of responsibility, etc. Mike Gorman
250 ## - EDITION STATEMENT
Edition statement [1st ed.]
260 ## - PUBLICATION, DISTRIBUTION, ETC. (IMPRINT)
Place of publication, distribution, etc. Cleveland :
Name of publisher, distributor, etc. World Pub. Co ,
Date of publication, distribution, etc. 1956
300 ## - PHYSICAL DESCRIPTION
Pagination 318 p. ;
Size 22 cm.
504 ## - BIBLIOGRAPHY, ETC. NOTE
Bibliography, etc Includes index
650 #0 - SUBJECT ADDED ENTRY--TOPICAL TERM
Topical term or geographic name as entry element Mental illness
Geographic subdivision United States.
9 (RLIN) 40673
Topical term or geographic name as entry element Psychiatry.
9 (RLIN) 40674
942 ## - ADDED ENTRY ELEMENTS (KOHA)
Source of classification or shelving scheme Dewey Decimal Classification
Koha item type Books
Holdings
Lost status Source of classification or shelving scheme Damaged status Not for loan Collection code Permanent Location Current Location Shelving location Date acquired Source of acquisition Cost, normal purchase price Total Checkouts Full call number Date last seen Copy number Koha item type
  Dewey Decimal Classification   Not For Loan Non-fiction Central Library, University of Rajshahi Central Library, University of Rajshahi Reading Room 06/04/1962 Asia Foundation 0.00   616.89 GOE 1956 30/01/2014 C-1 Books